000 00603nam a22001817a 4500
005 20251108165449.0
008 250721s1995 xx 000 0 ara d
082 1 4 _a613.25/روس
100 1 _aروسوس، ديمس
245 1 0 _aشاركوني تجربتي في إنقاص وزني 53 كغم كما شاركني 492 ,250 ,1 فرد /
264 1 _aالقاهرة :
_bأنترناشيول تريد،
_c1995.
300 _a277ص
650 1 7 _aالغذاء اليومي
650 1 7 _aاللياقة البدنية
700 1 _aعبود، جورج
_eترجمة
942 _2ddc
_cBK
999 _c28555
_d28555